00740nam a22002177a 4500003000900000005001700009008004000026040002200066100006900088245006800157250001200225260003100237300002600268700002400294700002600318942001200344945003300356952010400389956001200493999001700505DO-SdBNP20171205104306.0171121b sp||||| |||| 00| 0 spa d aBPMSUbspacBPMSU aWackerly , Dennis D, Mendenhall. William, Scheaffer , Richard L. aEstadística matemática con aplicacionescDennis D. Wackerly a6ta ed. aMéxico : bThomsonc2002 a853 p.bil. : c23 cm aMendenhall, William aScheaffer, Richard L. 2ddccBK ainventariado extranjero / DG 00102ddc40708CGaBPMETbBPMETd2017-11-21eDonadol0pBPMET17110278r2017-11-21w2017-11-21yBK adgarcia c12969d12969